000 00441nam a2200157Ia 4500
001 IA_4159,14/09/2007,14/09/2007,0000001993 mx 0000000000spa00,"
002 CIESTAAM
008 220117s xx 000 0 und d
010 _a183558
090 _aFOLLETO 2502
100 _aGómez Cruz
_9154980
300 _a13 h.
500 _aS/c (Reporte de investigación
650 _aAgricultura
_91172
999 _c183558
_d183558